| 000 | 00876nam a2200229Ia 4500 | ||
|---|---|---|---|
| 999 |
_c27990 _d27990 |
||
| 003 | GCL | ||
| 005 | 20240530101827.0 | ||
| 008 | 140319s9999 xx 000 0 ara d | ||
| 040 |
_aGCL / _cGCL |
||
| 082 | 0 | 4 |
_a953/ _bد أ |
| 100 | 1 | _aالدينورى, ابوحنيفة احمد بن داو | |
| 245 | 1 | 0 |
_aالاخبار الطوال / _cتاليف ابوحنيفة احمد بن داود الدينورى ؛ تحقيق عبدالمنعم عامر ؛ مراجعة جمال الدين الشيال |
| 260 |
_aالعراق : _bمكتبة المثنى، _c[199-]. |
||
| 300 | _a467 ص | ||
| 490 |
_aتراثنا _v0 |
||
| 650 | 0 | 4 | _aالفتوحات الاسلامية |
| 650 | 0 | 4 | _aالتاريخ الاسلامى |
| 650 | 0 | 4 | _aالاسلام والسياسة |
| 700 | 1 | _aجمال الدين الشيال | |
| 700 | 1 | _aعبدالمنعم عامر | |
| 942 |
_2ddc _cBK |
||